Iniciación del método del camino crítico (Registro nro. 3020)
[ vista simple ]
| 000 -LEADER | |
|---|---|
| fixed length control field | 01028 a2200205 4500 |
| 001 - CONTROL NUMBER | |
| control field | 39330 |
| 005 - DATE AND TIME OF LATEST TRANSACTION | |
| control field | 20260407155652.0 |
| 008 - FIXED-LENGTH DATA ELEMENTS--GENERAL INFORMATION | |
| fixed length control field | 260407a1968 arg spa d |
| 003 - CONTROL NUMBER IDENTIFIER | |
| control field | AR-UNSa-BCEJYS |
| 040 ## - CATALOGING SOURCE | |
| Original cataloging agency | AR-UNSa-BCEJYS |
| Language of cataloging | spa |
| Transcribing agency | AR-UNSa-BCEJYS |
| 080 ## - UNIVERSAL DECIMAL CLASSIFICATION NUMBER | |
| Universal Decimal Classification number | 658.012.261 |
| Common auxiliary subdivision | Suceso-nodo-red. Orientación al suceso. PERT (Técnica de Revisión y Evaluación de Proyectos) |
| 100 1# - MAIN ENTRY--PERSONAL NAME | |
| Personal name | Montaño G., Agustín |
| 245 10 - TITLE STATEMENT | |
| Title | Iniciación del método del camino crítico |
| 264 #1 - PRODUCTION, PUBLICATION, DISTRIBUTION, MANUFACTURE, AND COPYRIGHT NOTICE | |
| Place of production, publication, distribution, manufacture | México : |
| Name of producer, publisher, distributor, manufacturer | Trillas |
| Date of production, publication, distribution, manufacture, or copyright notice | 1968 |
| 300 ## - PHYSICAL DESCRIPTION | |
| Extent | 212 p. |
| Dimensions | 24 cm. |
| 505 ## - FORMATTED CONTENTS NOTE | |
| Formatted contents note | 1. Método del camino crítico - 2. Planeación y programación - 3. La red de actividades - 4. Red de vencimientos sucesivos - 5. Comprensión de la red - 6. Limitaciones en la ejecución de proyectos - 7. Matriz de elasticidad - 8. Gráficas Pert - 9. Ejecución y control - 103. Procedimiento de valuación- |
| 590 ## - LOCAL NOTE (RLIN) | |
| Local note | niveau_biblio:m niveau_hierar:0 |
| 856 41 - ELECTRONIC LOCATION AND ACCESS | |
| Uniform Resource Identifier | <a href="https://biblioeco.unsa.edu.ar/pmb/images/libros/L22344.jpg">https://biblioeco.unsa.edu.ar/pmb/images/libros/L22344.jpg</a> |
| Link text | Imagen de portada |
| Electronic format type | image/jpeg |
| 942 ## - ADDED ENTRY ELEMENTS (KOHA) | |
| Koha item type | |
| Withdrawn status | Lost status | Damaged status | Not for loan | Home library | Current library | Shelving location | Date acquired | Total checkouts | Full call number | Barcode | Date last seen | Price effective from | Koha item type |
|---|---|---|---|---|---|---|---|---|---|---|---|---|---|
| Biblioteca Prof. Eusebio Cleto del Rey | Biblioteca Prof. Eusebio Cleto del Rey | 07/04/2026 | 658.012.261 M757 | L22343 | 07/04/2026 | 07/04/2026 | Libro | ||||||
| Biblioteca Prof. Eusebio Cleto del Rey | Biblioteca Prof. Eusebio Cleto del Rey | 07/04/2026 | 658.012.261 M757 | L22344 | 07/04/2026 | 07/04/2026 | Libro |